00254nam a2200097Ia 4500100002100000654003000021245005300051260003200104300000800136546001200144 aGrebane alan B.  aintegrated circuit design aBipolor and mos analog integrated circuit design bJohn wileyaSingaporec1991 a894 aENGLISH